000 01445nam a2200349 a 4500
999 _c158864
_d158864
003 BLK
005 20250721092353.0
008 180410b bul|||||r ||||||| ||bul||
010 _aKNG00165922000
020 _a978-954-8396-61-5
_q(твърда подв.)
020 _a978-954-8396-62-2
_q(мека подв.)
040 _aBLK
041 _aBUL
_cBUL
072 7 _2bullib
_aН85
_xДетска художествена литература Н
080 _aАмериканска литература (на САЩ)
_b821.111(73)
_x-93-32
_z821.111(73)-93-32
100 1 _aКини, Джеф
_eпърви автор
_9309890
139 _aКини, Джеф
_bК 54
245 1 0 _aДневникът на един Дръндьо : В плен на снега : Ч.6
_b
_cДжеф Кини; прев. Михаил Балабанов.
257 _aUSA
260 _bДУО ДИЗАЙН
_c2014
_aСофия
300 _a218 с.
_bс ил.
_c21 см
380 _aDX
500 _aОриг. загл. Diary of a Wimpy Kid. Cabin Fever / Jeff Kinney. - Съдържа и За автора. Кн. 6.
700 _aБалабанов, Михаил Петров
_eпрев. от англ.
_91021
852 _aЦб 255103
_bЦб
856 4 _qpdf
_i0.00
_ldisable
856 4 _qpdf
_i0.00
_ldisable
942 _cKNG
_n0
_0389
_s1
944 _aCR
_c10.10.2014
_lМоника Янева
_k30570
999 _d158864
999 _d158864